000 00313nam a22001337a 4500
008 181101b xxu||||| |||| 00| 0 eng d
020 _a0810918110
041 _aeng
080 _a710
100 _a45
101 _aART
245 _aThe America Collection Columbus MuseunOf Art
_cLuara/L/M
942 _2udc
_cBK
999 _c51561
_d51561